<?xml version="1.0" encoding="UTF-8"?><?xml-stylesheet type="text/xsl" href="static/style.xsl"?><OAI-PMH xmlns="http://www.openarchives.org/OAI/2.0/" xmlns:xsi="http://www.w3.org/2001/XMLSchema-instance" xsi:schemaLocation="http://www.openarchives.org/OAI/2.0/ http://www.openarchives.org/OAI/2.0/OAI-PMH.xsd"><responseDate>2026-04-14T05:15:58Z</responseDate><request verb="GetRecord" identifier="oai:www.recercat.cat:2117/350484" metadataPrefix="marc">https://recercat.cat/oai/request</request><GetRecord><record><header><identifier>oai:recercat.cat:2117/350484</identifier><datestamp>2025-07-23T02:36:45Z</datestamp><setSpec>com_2072_1033</setSpec><setSpec>col_2072_452951</setSpec></header><metadata><record xmlns="http://www.loc.gov/MARC21/slim" xmlns:dcterms="http://purl.org/dc/terms/" xmlns:xsi="http://www.w3.org/2001/XMLSchema-instance" xmlns:doc="http://www.lyncode.com/xoai" xsi:schemaLocation="http://www.loc.gov/MARC21/slim http://www.loc.gov/standards/marcxml/schema/MARC21slim.xsd">
   <leader>00925njm 22002777a 4500</leader>
   <datafield ind2=" " ind1=" " tag="042">
      <subfield code="a">dc</subfield>
   </datafield>
   <datafield ind2=" " ind1=" " tag="720">
      <subfield code="a">López Gómiz, Jana</subfield>
      <subfield code="e">author</subfield>
   </datafield>
   <datafield ind2=" " ind1=" " tag="260">
      <subfield code="c">2021-06-21</subfield>
   </datafield>
   <datafield ind2=" " ind1=" " tag="520">
      <subfield code="a">Per la realització d’aquest projecte s’ha tingut en compte l’estructura pel desenvolupament d’un &#xd;
projecte enfocat en l’enginyeria. A partir de la detecció d’una necessitat social que involucrava un col·lectiu de persones relacionades amb l’esport femení, s’ha desenvolupat el prototip d’una aplicació basada en els usuaris per satisfer dita necessitat. Començant per un estudi de mercat de les aplicacions esportives d’actualitat que resultaven d’interès per entendre què volien els usuaris d’aquest tipus d’aplicatius, quines eren les aplicacions que es podien presentar com a competència i quines funcionalitats havia d’oferir l’aplicació per ser competitiva al mercat i tenir trets diferencials, es va desenvolupar un llistat de funcionalitats i, en conseqüència, els possibles seus possibles errors. A partir d’aquí, es van presentar les possibles funcionalitats a potencials usuàries involucrades en l’esport femení de forma professional per començar el procés d’elaboració d’un perfil d’usuari i per obtenir un llistat de funcionalitats encarat a les seves necessitats i requeriments. A continuació, es va crear un prototip de l’aplicació amb l’eina de prototipatge Figma per poder navegar-hi i seguir el projecte amb un procés d’iteració amb usuaris. Aquest procés es va focalitzar en trobar persones que encaixessin en el perfil d’usuari desenvolupat anteriorment i que, a més, fossin usuàries de nombroses aplicacions esportives per obtenir suggeriments amb criteri. Les entrevistes es van enfocar en deixar que els potencials usuaris naveguessin per l’aplicatiu i intentessin resoldre els objectius que se’ls plantejaven amb relació a la navegació per les funcionalitats del prototip, juntament amb la resolució de preguntes enfocades a la interfície per comprovar si aquesta era còmode, familiar i de fàcil ús pels usuaris. Després del procés iteratiu en què s’anaven realitzant canvis (que es plantejaven en les següents entrevistes), es va arribar a un prototip final i, per tant, a les funcionalitats finals. En aquest punt va ser quan es va realitzar l’estudi sobre l’accés a Open Data i a notícies RSS per presentar una aplicació on s’oferissin notícies actualitzades i de qualitat. També es va realitzar un estudi de les normatives que implicaven l’ús d’aquestes dades, juntament amb les que estaven relacionades amb la protecció de dades dels usuaris i les condicions d’ús de l’aplicació. Finalment, es va desenvolupar el càlcul de la inversió horària i, en conseqüència, els costos relatius al projecte</subfield>
   </datafield>
   <datafield tag="653" ind2=" " ind1=" ">
      <subfield code="a">Àrees temàtiques de la UPC::Informàtica</subfield>
   </datafield>
   <datafield tag="653" ind2=" " ind1=" ">
      <subfield code="a">Mobile apps -- Design and construction</subfield>
   </datafield>
   <datafield tag="653" ind2=" " ind1=" ">
      <subfield code="a">Sports tournaments</subfield>
   </datafield>
   <datafield tag="653" ind2=" " ind1=" ">
      <subfield code="a">Electronic publications -- Sports</subfield>
   </datafield>
   <datafield tag="653" ind2=" " ind1=" ">
      <subfield code="a">Sports for women</subfield>
   </datafield>
   <datafield tag="653" ind2=" " ind1=" ">
      <subfield code="a">Aplicacions mòbils -- Disseny i construcció</subfield>
   </datafield>
   <datafield tag="653" ind2=" " ind1=" ">
      <subfield code="a">Competicions esportives</subfield>
   </datafield>
   <datafield tag="653" ind2=" " ind1=" ">
      <subfield code="a">Publicacions electròniques -- Esports</subfield>
   </datafield>
   <datafield tag="653" ind2=" " ind1=" ">
      <subfield code="a">Esports per a dones</subfield>
   </datafield>
   <datafield ind2="0" ind1="0" tag="245">
      <subfield code="a">FEMSPORT, disseny conceptual i prototip d'una aplicació sobre l'esport femení basada en Open Data</subfield>
   </datafield>
</record></metadata></record></GetRecord></OAI-PMH>